000 00560nam a2200205Ia 4500
003 OSt
005 20250220093536.0
008 210210b1968 xxu||||| |||| 00| 0 eng d
040 _cAL
041 _aKannada
082 _a853/515
100 _aSHRIRANGA
_9136921
_dಶ್ರೀರಂಗ
245 _aSanjivanI savitri
_bಸಂಜೀವನಿ ಸಾವಿತ್ರಿ
260 _aMaisuru
_bUsha Sahitya Male
_c1968
650 _asAvitri
_9136922
650 _aSanjIvanI
_9136923
690 _aKannada Drama
_9136924
906 _a019786
942 _2ddc
_cBK
999 _c143931
_d143931